| 000 | 01770cam a22003374a 4500 | ||
|---|---|---|---|
| 001 | 4268153 | ||
| 003 | OSt | ||
| 005 | 20211125104409.0 | ||
| 008 | 030818s2003 njua e 001 0 eng | ||
| 010 | _a 2003009475 | ||
| 020 | _a0471456039 | ||
| 035 | _a(OCoLC)52133079 | ||
| 035 | _a(OCoLC)ocm52133079 | ||
| 035 | _a(NNC)4268153 | ||
| 038 | _aKhadija | ||
| 040 |
_aDLC _cDLC _dDLC _dNNC _dOrLoB-B |
||
| 042 | _apcc | ||
| 050 | 0 | 0 |
_aTP1110 _b.H42 2003 |
| 082 | 0 | 0 |
_a668.403 _221 _bHAR |
| 100 | 1 |
_aHarper, Charles A. _985089 |
|
| 245 | 1 | 0 |
_aPlastics Materials and Processes : _bA Concise Encyclopedia / _cCharles A. Harper, Edward M. Petrie. |
| 260 |
_aHoboken, N.J. : _bWiley-Interscience, _cc2003. |
||
| 300 |
_axxxii, 974 p. : _bill. ; _c25 cm. |
||
| 500 | _aIncludes index. | ||
| 520 | 1 | _a"The broad range of professionals involved in plastics and related industries requires a comprehensive, accessible resource on these ubiquitous materials that foregoes cumbersome, technical jargon. Plastics Materials and Processes: A Concise Encyclopedia defines materials, processes, properties, test methods, and other useful information in a straightforward and efficient manner." "Intended for general managers, executives, purchasing and manufacturing personnel, supervisors, engineers, and students, this comprehensive guide will be useful to anyone involved in product design, development, application, manufacturing, marketing, or other periphery functions in the plastics industry. Plastics Materials and Processes provides a concise reference to an extraordinary volume of pertinent material."--BOOK JACKET. | |
| 563 | _aHB | ||
| 650 | 0 |
_aPlastics _vEncyclopedias. _985090 |
|
| 700 | 1 |
_aPetrie, Edward M. _985091 |
|
| 900 | _bTOC | ||
| 942 |
_2ddc _cBK |
||
| 999 |
_c32116 _d32116 |
||